[Event "Deutsche Ländermeisterschaft 2025"]
[Site "Oer-Erkenschwick GER"]
[Date "2025.10.02"]
[Round "3"]
[White "Werner, Rosalie"]
[Black "Aguike, Toshiya"]
[Result "1-0"]
[Termination "normal"]
[Board "3.5"]
[WhiteElo "1953"]
[BlackElo "1897"]
[WhiteClock "00:20:03"]
[BlackClock "00:39:26"]
[WhiteTeam "Hessen"]
[BlackTeam "Schleswig-Holstein"]
[PlyCount "127"]
[WhiteFideId "16223748"]
[BlackFideId "34611347"]
[EventCountry "GER"]
[EventRounds "7"]
[EventType "team-swiss"]
[EventDate "2025.09.30"]

1. e4 {[%clk 01:30:57]} {[%emt 00:00:02]} e5 {[%clk 01:30:51]} {[%emt
00:00:09]} 2. Nf3 {[%clk 01:31:21]} {[%emt 00:00:06]} Nc6 {[%clk 01:31:00]}
{[%emt 00:00:22]} 3. Bc4 {[%clk 01:31:44]} {[%emt 00:00:07]} Nf6 {[%clk
01:31:10]} {[%emt 00:00:19]} 4. d3 {[%clk 01:32:08]} {[%emt 00:00:07]} Bc5
{[%clk 01:30:50]} {[%emt 00:00:50]} 5. c3 {[%clk 01:32:28]} {[%emt 00:00:10]}
d6 {[%clk 01:31:10]} {[%emt 00:00:10]} 6. O-O {[%clk 01:32:25]} {[%emt
00:00:32]} a6 {[%clk 01:31:36]} {[%emt 00:00:04]} 7. a4 {[%clk 01:32:48]}
{[%emt 00:00:08]} Ba7 {[%clk 01:31:59]} {[%emt 00:00:07]} 8. Re1 {[%clk
01:33:01]} {[%emt 00:00:16]} h6 {[%clk 01:32:10]} {[%emt 00:00:19]} 9. Nbd2
{[%clk 01:32:54]} {[%emt 00:00:37]} Ne7 {[%clk 01:32:05]} {[%emt 00:00:35]} 10.
d4 {[%clk 01:25:12]} {[%emt 00:08:12]} Ng6 {[%clk 01:30:33]} {[%emt 00:02:03]}
11. Bb3 {[%clk 01:19:00]} {[%emt 00:06:42]} O-O {[%clk 01:25:31]} {[%emt
00:05:31]} 12. h3 {[%clk 01:13:49]} {[%emt 00:05:40]} Re8 {[%clk 01:20:26]}
{[%emt 00:05:35]} 13. Bc2 {[%clk 01:12:41]} {[%emt 00:01:38]} Nh7 {[%clk
01:10:11]} {[%emt 00:10:45]} 14. Nf1 {[%clk 01:05:22]} {[%emt 00:07:49]} Nh4
{[%clk 01:05:32]} {[%emt 00:05:09]} 15. Be3 {[%clk 00:56:27]} {[%emt 00:09:25]}
Qf6 {[%clk 00:49:37]} {[%emt 00:16:25]} 16. Nxh4 {[%clk 00:48:50]} {[%emt
00:08:06]} Qxh4 {[%clk 00:49:59]} {[%emt 00:00:08]} 17. Nh2 {[%clk 00:43:42]}
{[%emt 00:05:38]} Ng5 {[%clk 00:47:52]} {[%emt 00:02:37]} 18. Nf3 {[%clk
00:40:52]} {[%emt 00:03:20]} Nxf3+ {[%clk 00:37:35]} {[%emt 00:10:47]} 19. Qxf3
{[%clk 00:41:12]} {[%emt 00:00:09]} Re6 {[%clk 00:36:45]} {[%emt 00:01:20]} 20.
Kh2 {[%clk 00:35:40]} {[%emt 00:06:01]} Rf6 {[%clk 00:33:11]} {[%emt 00:04:05]}
21. Qg3 {[%clk 00:34:24]} {[%emt 00:01:46]} Qxg3+ {[%clk 00:33:16]} {[%emt
00:00:25]} 22. Kxg3 {[%clk 00:34:46]} {[%emt 00:00:08]} Bd7 {[%clk 00:31:00]}
{[%emt 00:02:46]} 23. Rad1 {[%clk 00:27:27]} {[%emt 00:07:49]} Bc6 {[%clk
00:29:56]} {[%emt 00:01:34]} 24. f3 {[%clk 00:22:59]} {[%emt 00:04:58]} Kf8
{[%clk 00:26:39]} {[%emt 00:03:47]} 25. Kf2 {[%clk 00:17:54]} {[%emt 00:05:35]}
Re8 {[%clk 00:26:16]} {[%emt 00:00:52]} 26. Rd2 {[%clk 00:13:37]} {[%emt
00:04:48]} exd4 {[%clk 00:25:50]} {[%emt 00:00:57]} 27. Bxd4 {[%clk 00:13:58]}
{[%emt 00:00:09]} Bxd4+ {[%clk 00:26:14]} {[%emt 00:00:05]} 28. cxd4 {[%clk
00:13:42]} {[%emt 00:00:46]} g5 {[%clk 00:25:13]} {[%emt 00:01:32]} 29. Re3
{[%clk 00:08:49]} {[%emt 00:05:23]} Bd7 {[%clk 00:22:00]} {[%emt 00:03:43]} 30.
Rc3 {[%clk 00:05:04]} {[%emt 00:04:15]} c6 {[%clk 00:21:45]} {[%emt 00:00:45]}
31. e5 {[%clk 00:03:14]} {[%emt 00:02:20]} Rfe6 {[%clk 00:20:26]} {[%emt
00:01:49]} 32. Bf5 {[%clk 00:03:37]} {[%emt 00:00:07]} dxe5 {[%clk 00:20:52]}
{[%emt 00:00:04]} 33. dxe5 {[%clk 00:01:57]} {[%emt 00:02:10]} Rxe5 {[%clk
00:21:17]} {[%emt 00:00:05]} 34. Bxd7 {[%clk 00:02:10]} {[%emt 00:00:18]} R8e7
{[%clk 00:21:33]} {[%emt 00:00:13]} 35. Bg4 {[%clk 00:00:53]} {[%emt 00:01:46]}
Kg7 {[%clk 00:20:46]} {[%emt 00:01:17]} 36. f4 {[%clk 00:00:37]} {[%emt
00:00:47]} Re4 {[%clk 00:19:55]} {[%emt 00:01:21]} 37. fxg5 {[%clk 00:00:44]}
{[%emt 00:00:23]} hxg5 {[%clk 00:20:07]} {[%emt 00:00:17]} 38. Re2 {[%clk
00:00:47]} {[%emt 00:00:28]} Rf4+ {[%clk 00:20:27]} {[%emt 00:00:11]} 39. Ke1
{[%clk 00:01:08]} {[%emt 00:00:08]} Rxe2+ {[%clk 00:20:46]} {[%emt 00:00:13]}
40. Bxe2 {[%clk 00:00:49]} {[%emt 00:00:48]} Rxa4 {[%clk 00:21:10]} {[%emt
00:00:06]} 41. Rb3 {[%clk 00:29:11]} {[%emt 00:02:08]} b5 {[%clk 00:51:15]}
{[%emt 00:00:26]} 42. Rc3 {[%clk 00:26:32]} {[%emt 00:03:09]} b4 {[%clk
00:50:14]} {[%emt 00:01:30]} 43. Rxc6 {[%clk 00:25:55]} {[%emt 00:01:08]} Ra2
{[%clk 00:50:02]} {[%emt 00:00:42]} 44. Rxa6 {[%clk 00:21:20]} {[%emt
00:05:05]} Rxb2 {[%clk 00:46:45]} {[%emt 00:03:45]} 45. Rb6 {[%clk 00:20:41]}
{[%emt 00:01:10]} Kf8 {[%clk 00:44:57]} {[%emt 00:02:18]} 46. Bf3 {[%clk
00:19:53]} {[%emt 00:01:18]} Kg7 {[%clk 00:44:44]} {[%emt 00:00:43]} 47. Kd1
{[%clk 00:19:59]} {[%emt 00:00:24]} f5 {[%clk 00:45:01]} {[%emt 00:00:13]} 48.
Kc1 {[%clk 00:19:48]} {[%emt 00:00:41]} Rb3 {[%clk 00:44:58]} {[%emt 00:00:33]}
49. Kc2 {[%clk 00:19:51]} {[%emt 00:00:27]} Rc3+ {[%clk 00:45:20]} {[%emt
00:00:08]} 50. Kb2 {[%clk 00:20:09]} {[%emt 00:00:12]} g4 {[%clk 00:44:37]}
{[%emt 00:01:14]} 51. Rxb4 {[%clk 00:19:46]} {[%emt 00:00:52]} Re3 {[%clk
00:37:28]} {[%emt 00:07:38]} 52. hxg4 {[%clk 00:20:00]} {[%emt 00:00:16]} fxg4
{[%clk 00:37:52]} {[%emt 00:00:07]} 53. Rxg4+ {[%clk 00:19:43]} {[%emt
00:00:47]} Kh8 {[%clk 00:38:04]} {[%emt 00:00:18]} 54. Kc2 {[%clk 00:19:29]}
{[%emt 00:00:45]} Kh7 {[%clk 00:38:21]} {[%emt 00:00:12]} 55. Kd2 {[%clk
00:19:52]} {[%emt 00:00:07]} Ra3 {[%clk 00:38:47]} {[%emt 00:00:04]} 56. Ke2
{[%clk 00:20:07]} {[%emt 00:00:15]} Ra2+ {[%clk 00:39:09]} {[%emt 00:00:07]}
57. Ke3 {[%clk 00:20:23]} {[%emt 00:00:14]} Kh8 {[%clk 00:39:27]} {[%emt
00:00:12]} 58. Rg8+ {[%clk 00:18:06]} {[%emt 00:02:48]} Kh7 {[%clk 00:39:18]}
{[%emt 00:00:38]} 59. Be4+ {[%clk 00:18:30]} {[%emt 00:00:06]} Kh6 {[%clk
00:39:40]} {[%emt 00:00:08]} 60. Rg6+ {[%clk 00:18:51]} {[%emt 00:00:09]} Kh5
{[%clk 00:40:04]} {[%emt 00:00:06]} 61. g4+ {[%clk 00:19:05]} {[%emt 00:00:16]}
Kh4 {[%clk 00:40:29]} {[%emt 00:00:05]} 62. Kf4 {[%clk 00:19:20]} {[%emt
00:00:14]} Rf2+ {[%clk 00:40:54]} {[%emt 00:00:05]} 63. Bf3 {[%clk 00:19:41]}
{[%emt 00:00:08]} Rg2 {[%clk 00:39:26]} {[%emt 00:01:58]} 64. Rh6 {[%clk
00:20:03]} {[%emt 00:00:08]} 1-0

[Event "Deutsche Ländermeisterschaft 2025"]
[Site "Oer-Erkenschwick GER"]
[Date "2025.10.02"]
[Round "3"]
[White "Kopylov, Diana"]
[Black "Gao, Chenzhuo"]
[Result "0-1"]
[Termination "normal"]
[Board "3.6"]
[WhiteElo "1836"]
[BlackElo "1848"]
[WhiteClock "00:00:32"]
[BlackClock "00:26:17"]
[WhiteTeam "Schleswig-Holstein"]
[BlackTeam "Hessen"]
[PlyCount "90"]
[WhiteFideId "16268865"]
[BlackFideId "34668608"]
[EventCountry "GER"]
[EventRounds "7"]
[EventType "team-swiss"]
[EventDate "2025.09.30"]

1. e4 {[%clk 01:30:56]} {[%emt 00:00:02]} c6 {[%clk 01:30:54]} {[%emt
00:00:08]} 2. d4 {[%clk 01:31:22]} {[%emt 00:00:04]} d5 {[%clk 01:31:18]}
{[%emt 00:00:06]} 3. Nc3 {[%clk 01:31:47]} {[%emt 00:00:05]} dxe4 {[%clk
01:31:30]} {[%emt 00:00:18]} 4. Nxe4 {[%clk 01:32:11]} {[%emt 00:00:05]} Nf6
{[%clk 01:31:44]} {[%emt 00:00:16]} 5. Nxf6+ {[%clk 01:32:35]} {[%emt
00:00:06]} exf6 {[%clk 01:32:00]} {[%emt 00:00:14]} 6. c3 {[%clk 01:33:01]}
{[%emt 00:00:04]} Bd6 {[%clk 01:32:22]} {[%emt 00:00:08]} 7. Bd3 {[%clk
01:33:26]} {[%emt 00:00:05]} O-O {[%clk 01:32:23]} {[%emt 00:00:29]} 8. Qc2
{[%clk 01:33:49]} {[%emt 00:00:07]} Re8+ {[%clk 01:32:36]} {[%emt 00:00:16]} 9.
Ne2 {[%clk 01:34:07]} {[%emt 00:00:12]} h5 {[%clk 01:31:38]} {[%emt 00:01:29]}
10. O-O {[%clk 01:34:25]} {[%emt 00:00:11]} h4 {[%clk 01:31:42]} {[%emt
00:00:26]} 11. h3 {[%clk 01:34:48]} {[%emt 00:00:07]} Nd7 {[%clk 01:31:09]}
{[%emt 00:01:03]} 12. Be3 {[%clk 01:33:03]} {[%emt 00:02:15]} Nf8 {[%clk
01:30:38]} {[%emt 00:01:01]} 13. Rad1 {[%clk 01:27:18]} {[%emt 00:06:14]} Bd7
{[%clk 01:28:19]} {[%emt 00:02:49]} 14. Rfe1 {[%clk 01:24:51]} {[%emt
00:02:57]} Qc8 {[%clk 01:25:30]} {[%emt 00:03:19]} 15. Nf4 {[%clk 00:57:27]}
{[%emt 00:27:54]} Qc7 {[%clk 01:21:29]} {[%emt 00:04:32]} 16. Qd2 {[%clk
00:53:26]} {[%emt 00:04:31]} Rad8 {[%clk 01:19:45]} {[%emt 00:02:14]} 17. c4
{[%clk 00:51:30]} {[%emt 00:02:26]} Qb8 {[%clk 01:17:19]} {[%emt 00:02:50]} 18.
b4 {[%clk 00:46:41]} {[%emt 00:05:25]} b5 {[%clk 01:14:47]} {[%emt 00:03:02]}
19. c5 {[%clk 00:43:46]} {[%emt 00:03:26]} Bc7 {[%clk 01:14:38]} {[%emt
00:00:39]} 20. Bc2 {[%clk 00:41:49]} {[%emt 00:02:27]} a5 {[%clk 01:03:37]}
{[%emt 00:11:31]} 21. a3 {[%clk 00:39:17]} {[%emt 00:03:02]} a4 {[%clk
01:02:17]} {[%emt 00:01:51]} 22. Bb1 {[%clk 00:38:01]} {[%emt 00:01:46]} Qc8
{[%clk 00:54:49]} {[%emt 00:07:56]} 23. Ba2 {[%clk 00:35:55]} {[%emt 00:02:38]}
Be6 {[%clk 00:53:47]} {[%emt 00:01:31]} 24. Nxe6 {[%clk 00:33:48]} {[%emt
00:02:38]} Nxe6 {[%clk 00:54:11]} {[%emt 00:00:07]} 25. f4 {[%clk 00:29:35]}
{[%emt 00:04:42]} f5 {[%clk 00:45:32]} {[%emt 00:09:09]} 26. Qf2 {[%clk
00:28:04]} {[%emt 00:02:00]} Rd7 {[%clk 00:43:20]} {[%emt 00:02:43]} 27. Qxh4
{[%clk 00:26:05]} {[%emt 00:02:29]} Bd8 {[%clk 00:42:37]} {[%emt 00:01:11]} 28.
Qh5 {[%clk 00:21:25]} {[%emt 00:05:09]} g6 {[%clk 00:42:02]} {[%emt 00:01:07]}
29. Qh6 {[%clk 00:12:23]} {[%emt 00:09:33]} Bf6 {[%clk 00:39:44]} {[%emt
00:02:47]} 30. d5 {[%clk 00:06:01]} {[%emt 00:06:53]} cxd5 {[%clk 00:38:33]}
{[%emt 00:01:41]} 31. Bxd5 {[%clk 00:01:57]} {[%emt 00:04:34]} Bg7 {[%clk
00:37:08]} {[%emt 00:01:51]} 32. Qh4 {[%clk 00:02:20]} {[%emt 00:00:10]} Bc3
{[%clk 00:37:02]} {[%emt 00:00:33]} 33. Rf1 {[%clk 00:00:53]} {[%emt 00:02:01]}
Nf8 {[%clk 00:31:29]} {[%emt 00:06:03]} 34. Bc1 {[%clk 00:00:42]} {[%emt
00:00:41]} Red8 {[%clk 00:30:31]} {[%emt 00:01:27]} 35. Bf3 {[%clk 00:00:51]}
{[%emt 00:00:21]} Rxd1 {[%clk 00:30:50]} {[%emt 00:00:12]} 36. Rxd1 {[%clk
00:00:44]} {[%emt 00:00:37]} Rxd1+ {[%clk 00:31:19]} {[%emt 00:00:01]} 37. Bxd1
{[%clk 00:01:13]} Qd7 {[%clk 00:31:28]} {[%emt 00:00:14]} 38. Bf3 {[%clk
00:00:58]} {[%emt 00:00:51]} Qe6 {[%clk 00:30:15]} {[%emt 00:01:44]} 39. Kh2
{[%clk 00:00:32]} {[%emt 00:00:57]} Qc4 {[%clk 00:27:31]} {[%emt 00:03:13]} 40.
Qd8 {[%clk 00:00:32]} {[%emt 00:00:30]} Kg7 {[%clk 00:11:03]} {[%emt 00:16:58]}
41. Bd5 {[%clk 00:15:35]} {[%emt 00:15:27]} Qd3 {[%clk 00:36:53]} {[%emt
00:04:35]} 42. c6 {[%clk 00:10:09]} {[%emt 00:06:02]} Be1 {[%clk 00:32:53]}
{[%emt 00:04:29]} 43. Bb2+ {[%clk 00:01:09]} {[%emt 00:09:30]} Kh7 {[%clk
00:32:32]} {[%emt 00:00:49]} 44. Qg5 {[%clk 00:01:05]} {[%emt 00:00:35]} Bf2
{[%clk 00:27:03]} {[%emt 00:06:00]} 45. Bf3 {[%clk 00:00:32]} {[%emt 00:01:03]}
Qf1 {[%clk 00:26:17]} {[%emt 00:01:15]} 0-1

[Event "Deutsche Ländermeisterschaft 2025"]
[Site "Oer-Erkenschwick GER"]
[Date "2025.10.02"]
[Round "3"]
[White "Dedic, Sajra"]
[Black "Margaryan, Susanna"]
[Result "1-0"]
[Termination "normal"]
[Board "3.7"]
[WhiteElo "1625"]
[BlackElo "1750"]
[WhiteClock "00:05:19"]
[BlackClock "00:46:51"]
[WhiteTeam "Hessen"]
[BlackTeam "Schleswig-Holstein"]
[PlyCount "131"]
[WhiteFideId "14422794"]
[BlackFideId "16268210"]
[EventCountry "GER"]
[EventRounds "7"]
[EventType "team-swiss"]
[EventDate "2025.09.30"]

1. e4 {[%clk 01:30:57]} {[%emt 00:00:02]} d5 {[%clk 01:30:54]} {[%emt
00:00:06]} 2. exd5 {[%clk 01:31:23]} {[%emt 00:00:04]} Qxd5 {[%clk 01:31:20]}
{[%emt 00:00:04]} 3. Nf3 {[%clk 01:31:46]} {[%emt 00:00:07]} Bg4 {[%clk
01:31:36]} {[%emt 00:00:14]} 4. Be2 {[%clk 01:32:04]} {[%emt 00:00:11]} Nf6
{[%clk 01:31:44]} {[%emt 00:00:22]} 5. d4 {[%clk 01:30:17]} {[%emt 00:02:17]}
e6 {[%clk 01:31:47]} {[%emt 00:00:27]} 6. O-O {[%clk 01:29:40]} {[%emt
00:01:07]} Be7 {[%clk 01:31:57]} {[%emt 00:00:20]} 7. Bf4 {[%clk 01:27:54]}
{[%emt 00:02:15]} c6 {[%clk 01:29:59]} {[%emt 00:02:28]} 8. Re1 {[%clk
01:14:56]} {[%emt 00:13:27]} O-O {[%clk 01:26:08]} {[%emt 00:04:22]} 9. h3
{[%clk 01:13:18]} {[%emt 00:02:08]} Bh5 {[%clk 01:21:30]} {[%emt 00:05:08]} 10.
Ne5 {[%clk 01:11:34]} {[%emt 00:02:13]} Bxe2 {[%clk 01:21:25]} {[%emt
00:00:36]} 11. Rxe2 {[%clk 01:11:55]} {[%emt 00:00:09]} Rd8 {[%clk 01:20:23]}
{[%emt 00:01:33]} 12. Rd2 {[%clk 01:08:35]} {[%emt 00:03:50]} Nbd7 {[%clk
01:18:37]} {[%emt 00:02:16]} 13. c4 {[%clk 01:05:49]} {[%emt 00:03:16]} Qa5
{[%clk 01:18:24]} {[%emt 00:00:42]} 14. Qf3 {[%clk 01:04:02]} {[%emt 00:02:16]}
Nxe5 {[%clk 01:17:48]} {[%emt 00:01:07]} 15. Bxe5 {[%clk 01:03:38]} {[%emt
00:00:54]} Rac8 {[%clk 01:11:31]} {[%emt 00:06:47]} 16. Nc3 {[%clk 01:01:51]}
{[%emt 00:02:17]} b5 {[%clk 01:10:49]} {[%emt 00:01:12]} 17. cxb5 {[%clk
00:43:58]} {[%emt 00:18:22]} cxb5 {[%clk 01:10:52]} {[%emt 00:00:28]} 18. d5
{[%clk 00:33:06]} {[%emt 00:11:22]} b4 {[%clk 01:08:33]} {[%emt 00:02:49]} 19.
Bxf6 {[%clk 00:29:39]} {[%emt 00:03:56]} Bxf6 {[%clk 01:05:54]} {[%emt
00:03:09]} 20. Ne4 {[%clk 00:29:57]} {[%emt 00:00:11]} Be5 {[%clk 01:01:31]}
{[%emt 00:04:54]} 21. dxe6 {[%clk 00:21:49]} {[%emt 00:08:38]} fxe6 {[%clk
01:00:18]} {[%emt 00:01:43]} 22. Qb3 {[%clk 00:14:47]} {[%emt 00:07:32]} Re8
{[%clk 00:58:16]} {[%emt 00:02:33]} 23. Nd6 {[%clk 00:13:40]} {[%emt 00:01:37]}
Bxd6 {[%clk 00:58:03]} {[%emt 00:00:43]} 24. Rxd6 {[%clk 00:14:03]} {[%emt
00:00:06]} Qe5 {[%clk 00:54:56]} {[%emt 00:03:37]} 25. Rad1 {[%clk 00:11:03]}
{[%emt 00:03:29]} Qe2 {[%clk 00:52:17]} {[%emt 00:03:08]} 26. R6d2 {[%clk
00:10:06]} {[%emt 00:01:27]} Qb5 {[%clk 00:47:35]} {[%emt 00:05:12]} 27. Rd7
{[%clk 00:09:07]} {[%emt 00:01:28]} Rc5 {[%clk 00:39:43]} {[%emt 00:08:23]} 28.
Rxa7 {[%clk 00:07:39]} {[%emt 00:01:59]} Rg5 {[%clk 00:38:25]} {[%emt
00:01:48]} 29. Qf3 {[%clk 00:05:47]} {[%emt 00:02:21]} Rf8 {[%clk 00:37:57]}
{[%emt 00:00:58]} 30. Qxf8+ {[%clk 00:05:40]} {[%emt 00:00:37]} Kxf8 {[%clk
00:38:21]} {[%emt 00:00:07]} 31. Rd8+ {[%clk 00:06:06]} {[%emt 00:00:03]} Qe8
{[%clk 00:38:39]} {[%emt 00:00:12]} 32. Rxe8+ {[%clk 00:06:24]} {[%emt
00:00:12]} Kxe8 {[%clk 00:39:01]} {[%emt 00:00:08]} 33. Rb7 {[%clk 00:05:51]}
{[%emt 00:01:03]} Ra5 {[%clk 00:38:18]} {[%emt 00:01:13]} 34. Rxb4 {[%clk
00:06:04]} {[%emt 00:00:17]} Rxa2 {[%clk 00:38:38]} {[%emt 00:00:10]} 35. Rb7
{[%clk 00:05:47]} {[%emt 00:00:45]} Kf8 {[%clk 00:38:24]} {[%emt 00:00:46]} 36.
Kf1 {[%clk 00:04:10]} {[%emt 00:02:05]} h6 {[%clk 00:34:02]} {[%emt 00:04:53]}
37. Ke2 {[%clk 00:04:18]} {[%emt 00:00:22]} Ra5 {[%clk 00:33:31]} {[%emt
00:01:02]} 38. Kd3 {[%clk 00:02:50]} {[%emt 00:01:58]} Rc5 {[%clk 00:33:25]}
{[%emt 00:00:36]} 39. b4 {[%clk 00:02:17]} {[%emt 00:01:03]} Rd5+ {[%clk
00:33:18]} {[%emt 00:00:37]} 40. Ke4 {[%clk 00:01:34]} {[%emt 00:01:11]} Rd2
{[%clk 00:32:58]} {[%emt 00:00:52]} 41. Ke3 {[%clk 00:00:41]} {[%emt 00:01:24]}
Rb2 {[%clk 00:32:19]} {[%emt 00:01:09]} 42. b5 {[%clk 00:28:25]} {[%emt
00:02:45]} Kg8 {[%clk 01:01:48]} {[%emt 00:01:01]} 43. b6 {[%clk 00:28:01]}
{[%emt 00:00:55]} Kh7 {[%clk 01:01:46]} {[%emt 00:00:31]} 44. Rb8 {[%clk
00:27:59]} {[%emt 00:00:31]} Kg6 {[%clk 01:01:31]} {[%emt 00:00:46]} 45. g4
{[%clk 00:12:57]} {[%emt 00:15:32]} Kf7 {[%clk 00:57:54]} {[%emt 00:04:07]} 46.
Kd4 {[%clk 00:11:45]} {[%emt 00:01:42]} Rxf2 {[%clk 00:50:50]} {[%emt
00:07:35]} 47. Kc5 {[%clk 00:10:37]} {[%emt 00:01:36]} Rc2+ {[%clk 00:50:40]}
{[%emt 00:00:40]} 48. Kd6 {[%clk 00:10:52]} {[%emt 00:00:15]} Rd2+ {[%clk
00:50:38]} {[%emt 00:00:32]} 49. Kc6 {[%clk 00:11:07]} {[%emt 00:00:14]} Rc2+
{[%clk 00:49:29]} {[%emt 00:01:40]} 50. Kb7 {[%clk 00:11:31]} {[%emt 00:00:06]}
e5 {[%clk 00:49:19]} {[%emt 00:00:40]} 51. Rc8 {[%clk 00:10:34]} {[%emt
00:01:27]} Ra2 {[%clk 00:49:08]} {[%emt 00:00:41]} 52. Rc4 {[%clk 00:09:40]}
{[%emt 00:01:24]} Ke6 {[%clk 00:48:59]} {[%emt 00:00:40]} 53. Kc8 {[%clk
00:08:02]} {[%emt 00:02:03]} Ra8+ {[%clk 00:47:41]} {[%emt 00:01:52]} 54. Kc7
{[%clk 00:08:10]} {[%emt 00:00:21]} Re8 {[%clk 00:47:32]} {[%emt 00:00:40]} 55.
Rc6+ {[%clk 00:05:42]} {[%emt 00:02:58]} Kd5 {[%clk 00:47:29]} {[%emt
00:00:33]} 56. Rd6+ {[%clk 00:05:30]} {[%emt 00:00:42]} Kc5 {[%clk 00:47:41]}
{[%emt 00:00:18]} 57. b7 {[%clk 00:05:29]} {[%emt 00:00:31]} e4 {[%clk
00:46:47]} {[%emt 00:01:24]} 58. Rd8 {[%clk 00:04:24]} {[%emt 00:01:34]} Re7+
{[%clk 00:46:24]} {[%emt 00:00:54]} 59. Rd7 {[%clk 00:04:45]} {[%emt 00:00:08]}
Re8 {[%clk 00:45:59]} {[%emt 00:00:56]} 60. b8=Q {[%clk 00:04:29]} {[%emt
00:00:46]} Rxb8 {[%clk 00:46:24]} {[%emt 00:00:05]} 61. Kxb8 {[%clk 00:04:56]}
{[%emt 00:00:02]} e3 {[%clk 00:46:23]} {[%emt 00:00:30]} 62. Kc8 {[%clk
00:05:09]} {[%emt 00:00:17]} g6 {[%clk 00:46:12]} {[%emt 00:00:41]} 63. Kd8
{[%clk 00:04:34]} {[%emt 00:01:05]} h5 {[%clk 00:46:23]} {[%emt 00:00:19]} 64.
gxh5 {[%clk 00:04:46]} {[%emt 00:00:18]} gxh5 {[%clk 00:46:48]} {[%emt
00:00:05]} 65. Rd3 {[%clk 00:04:52]} {[%emt 00:00:22]} e2 {[%clk 00:46:51]}
{[%emt 00:00:28]} 66. Re3 {[%clk 00:05:19]} {[%emt 00:00:03]} 1-0